Statistiques concernant Minecraft Youtubers Connu (FR)

Cliquez ici pour prendre le quiz!

Statistiques générales

  • Ce quiz a été pris 595 fois
  • Le résultat moyen est 3 sur 9

Statistiques - réponses

Sert a RIENReponse% Correct
Siphano
89%
Frigiel
81%
Furious Jumper
45%
Agentgb
23%
TheFantasio974
23%
BobLennon
22%
Oxilac
22%
Popi Games
14%
AznDarkProduction
5%

Distribution des résultats

Percentile par nombre de réponses

% des personnes avec chaque résultat

Votre développement - résultats

Vous n’avez pas pris ce quiz